00321nam a2200121Ia 4500008004100000041000800041082001600049100002100065245004500086260002600131300003300157365000900190240624s9999 xx 000 0 und d aeng a332.024 BER aBERTOCCHI MARIDA aOPTIMIZING THE AGING RETIREMENT AND PENS c2010aNew YorkbWiley axviii, : 411 : p. : cm. ; 24 cb28